| 000 | 00691cam a2200241 a 4500 | ||
|---|---|---|---|
| 001 | 0000005590 | ||
| 005 | 20170406120834.0 | ||
| 008 | 971205s1998 nyu 000 1 eng | ||
| 010 | _a 97051148 | ||
| 020 | _a0871137119 | ||
| 035 | _9(DLC) 97051148 | ||
| 040 |
_aDLC _cDLC _dDLC |
||
| 050 | 0 | 0 |
_aPS3554.E82 _bH85 1998 |
| 082 | 0 | 0 |
_a813/.54 _221 |
| 100 | 1 |
_aDesai, Kiran, _d1971-. |
|
| 245 | 1 | 0 |
_aHullabaloo in the guava orchard / _cKiran Desai. |
| 250 | _a1st American ed. | ||
| 260 |
_aNew York : _bAtlantic Monthly Press, _cc1998. |
||
| 300 |
_a209 p. ; _c22 cm. |
||
| 650 | 0 |
_aSadhus _zIndia _xFiction. |
|
| 651 | 0 |
_aIndia _xFiction. |
|
| 852 | 1 | _9p.14.usd | |
| 908 | _a150113 | ||
| 999 |
_c5378 _d5378 |
||